Score 0/20 Timer 05:00
0 Plays Today
TWO WORDS ONE WORD (begins with S) % Correct
Na. Element.Sodium
84.6%
Actress. Weaver.Sigourney
82.5%
Hope. Han.Solo
80.3%
Waldorf. Cobb.Salad
78.8%
Actor. Poitier.Sidney
78.6%
Poker. Hand.Straight
77%
Tiles. Game.Scrabble
76.1%
Tweety. Terrorizer.Sylvester
72.8%
Hubbard. Religion.Scientology
65.2%
Dog. Doo.Scooby
65.2%
TWO WORDS ONE WORD (begins with S) % Correct
Big. Foot.Sasquatch
62.8%
Lymon. Soda.Sprite
49.8%
Yugoslavia. Olympics.Sarajevo
48.4%
Kurosawa. Seven.Samurai
47.3%
Baseball. Hit.Single
46.7%
Barbie. Sis.Skipper
36.6%
Al. Capone.Scarface
36%
Letter. Starter.Salutation
33%
Jetson. Boss.Spacely
28.3%
Jumbo. Popcorn.Shrimp
24.1%
Remove Ads.
Support Sporcle.
Get the best of Sporcle when you Go Orange. This ad-free experience offers more features, more stats, and more fun while also helping to support Sporcle. Thank you for becoming a member.

You're not logged in!

Compare scores with friends on all Sporcle quizzes.
OR
Log In

Show Comments

Extras

Top Quizzes Today


Score Distribution

Your Account Isn't Verified!

In order to create a playlist on Sporcle, you need to verify the email address you used during registration. Go to your Sporcle Settings to finish the process.

Report this User

Report this user for behavior that violates our Community Guidelines.

Details: